5 Seconds of Summer (5SOS) - Best Years - All lyrics - Statistics

General Stats
  • This quiz has been taken 33 times
  • The average score is 188 of 214
Answer Stats
Answer % Correct
a
100%
all
100%
for
100%
of
100%
the
100%
The
100%
best
95%
I
95%
to
95%
years
95%
you
95%
You
95%
broken
90%
But,
90%
But
90%
give
90%
I'll
90%
me
90%
out
90%
pieces
90%
tears
90%
was
90%
your
90%
darling,
86%
like
86%
love,
86%
make
86%
mess
86%
much
86%
on
86%
up
86%
when
86%
And
81%
hesitate
81%
hold
81%
house
81%
million
81%
reasons
81%
too
81%
away
76%
better
76%
build
76%
cigarette
76%
future's
76%
Gave
76%
got
76%
hair
76%
hand
76%
promise,
76%
regret
76%
so
76%
these
76%
things
76%
walk
76%
wanna
76%
won't
76%
yesterday
76%
burned
71%
cannot
71%
carry
71%
did
71%
drink
71%
growing
71%
home
71%
people
71%
stand
71%
than
71%
that
71%
time
71%
wasted
71%
we're
71%
while
71%
You've
71%
reminded
67%
half
62%
man
62%
Past
48%
No matching quizzes found
Score Distribution
Percent of People with Each Score
Percentile by Number Answered
Your Score History
You have not taken this quiz